| 000 | 00603nam a2200241Ia 4500 | ||
|---|---|---|---|
| 005 | 20260430150332.0 | ||
| 008 | 008 250103s9999 xx 000 0 eng d | ||
| 037 | _aTheses | ||
| 040 | _aCRL | ||
| 040 | _beng | ||
| 040 | _ceng | ||
| 041 | _2eng | ||
| 041 | _aeng | ||
| 084 | _qCRL | ||
| 100 |
_aSinghal Arushi Au.; Sahni Pragati Gu. _91237181 |
||
| 245 | 2 | _aA Critical Approach to Buddhist Ethics | |
| 260 | _c2023 | ||
| 300 | _a160p. | ||
| 650 | _aPhilosophy | ||
| 700 |
_aUniversity of Delhi. Faculty of Arts. Deptt. Philosophy _91237182 |
||
| 942 | _cTH | ||
| 999 |
_c1849540 _d1849540 |
||